[Event "Over 1800 All Play All 1"]
[Site "SchemingMind.com"]
[Date "2021.11.18"]
[Round "-"]
[White "The Stonewall"]
[Black "Raymond de Kemp"]
[Result "1-0"]
[WhiteCountry "ENG"]
[BlackCountry "NED"]
[WhiteElo "2266"]
[WhiteRD "68"]
[BlackElo "1797"]
[BlackRD "61"]
[GameID "717561"]

1. e4 d5 2. exd5 Nf6 3. Nf3 Nxd5 4. d4 g6 5. c4 Nb6 6. Nc3 Bg7 7. c5 Nd5 8. Bc4 Nxc3 9. bxc3 O-O 10. O-O Nc6
11. Bg5 Na5 12. Bd3 b6 13. Re1 Re8 14. Rb1 Bb7 15. cxb6 axb6 16. Bb5 c6 17. Be2 Qc7 18. Qd2 f6 19. Bh4 Rad8 20. Qb2 b5
21. Bg3 Qd7 22. a4 bxa4 23. Qa2+ Kh8 24. Qxa4 Ra8 25. Nd2 Qd8 26. Ne4 Bc8 27. h3 Be6 28. Nc5 Bf5 29. Ra1 e5 30. Ba6 exd4
31. Rxe8+ Qxe8 32. cxd4 Rxa6 33. Nxa6 Nb7 34. Nc7 Qd8 35. Qxc6
1-0

[Event "Over 1800 All Play All 1"]
[Site "SchemingMind.com"]
[Date "2021.11.18"]
[Round "-"]
[White "Raymond de Kemp"]
[Black "The Stonewall"]
[Result "0-1"]
[WhiteCountry "NED"]
[BlackCountry "ENG"]
[WhiteElo "1804"]
[WhiteRD "66"]
[BlackElo "2302"]
[BlackRD "72"]
[GameID "717562"]

1. f4 g6 2. Nf3 Bg7 3. g3 d5 4. Bg2 Nf6 5. O-O O-O 6. d3 c5 7. c3 Nc6 8. Na3 Rb8 9. Ne5 Qc7 10. Qc2 Be6
11. Nxc6 bxc6 12. h3 Bc8 13. e4 c4 14. e5 cxd3 15. Qxd3 Ne4 16. Kh2 f5 17. exf6 Nxf6 18. Nc2 Bf5 19. Qe2 e5 20. fxe5 Nh5
21. Bf4 Rxb2 22. e6 Nxf4 23. gxf4 Rxc2
0-1

[Event "Over 1800 All Play All 1"]
[Site "SchemingMind.com"]
[Date "2021.12.10"]
[Round "-"]
[White "The Stonewall"]
[Black "eliecercruzr"]
[Result "1/2-1/2"]
[WhiteCountry "ENG"]
[BlackCountry "CUB"]
[WhiteElo "2302"]
[WhiteRD "72"]
[BlackElo "2280"]
[BlackRD "73"]
[GameID "718195"]

1. d4 Nf6 2. Nf3 d5 3. c4 e6 4. Nc3 c6 5. g3 dxc4 6. Ne5 Nbd7 7. Nxc4 b5 8. Nd2 Bb7 9. Bg2 Qb6 10. Nde4 c5
11. dxc5 Bxc5 12. O-O O-O 13. Bg5 Rfd8 14. Qb3 h6 15. Bxf6 Nxf6 16. Nxf6+ gxf6 17. Qxb5 Qxb5 18. Nxb5 Bxg2 19. Kxg2 Rab8 20. Nc3 Rxb2=
1/2-1/2

[Event "Over 1800 All Play All 1"]
[Site "SchemingMind.com"]
[Date "2021.12.10"]
[Round "-"]
[White "eliecercruzr"]
[Black "The Stonewall"]
[Result "1-0"]
[WhiteCountry "CUB"]
[BlackCountry "ENG"]
[WhiteElo "2300"]
[WhiteRD "71"]
[BlackElo "2252"]
[BlackRD "72"]
[GameID "718196"]

1. e4 Nc6 2. d4 d5 3. e5 Bf5 4. c3 e6 5. Bd3 Nge7 6. b4 Bxd3 7. Qxd3 Ng6 8. g3 f6 9. f4 fxe5 10. fxe5 Be7
11. Nf3 O-O 12. O-O Qd7 13. Na3 a5 14. b5 Na7 15. Rb1 c5 16. bxc6 bxc6 17. h4 Rf5 18. Nc2 Raf8 19. Kg2 c5 20. Ne3 Rh5
21. Qa6 Nc6 22. Rb7 Qe8 23. Rc7 Nd8 24. Rc8 cxd4 25. cxd4 Qd7 26. Bd2 a4 27. Ra8 a3 28. Bc1 Qc6 29. Bxa3 Qxa6 30. Rxa6 Bxa3
31. Rxa3 Nc6 32. Ra6 Nge7 33. g4 Rh6 34. a4 Rc8 35. Rc1 g5 36. h5
1-0

[Event "Over 1800 All Play All 1"]
[Site "SchemingMind.com"]
[Date "2021.12.05"]
[Round "-"]
[White "Raymond de Kemp"]
[Black "eliecercruzr"]
[Result "0-1"]
[WhiteCountry "NED"]
[BlackCountry "CUB"]
[WhiteElo "1804"]
[WhiteRD "66"]
[BlackElo "2280"]
[BlackRD "73"]
[GameID "718197"]

1. f4 d5 2. Nf3 Nf6 3. g3 Bf5 4. Bg2 e6 5. d3 Be7 6. O-O h6 7. Ne5 Nbd7 8. Nc3 Bh7 9. e4 dxe4 10. Nxd7 Qxd7
11. dxe4 Bc5+ 12. Kh1 Qxd1 13. Rxd1 O-O 14. e5 Ng4 15. Bxb7 Nf2+ 16. Kg2 Nxd1 17. Bxa8 Nxc3 18. Bf3 Na4 19. b3 Bd4 20. Rb1 Bxc2
0-1

[Event "Over 1800 All Play All 1"]
[Site "SchemingMind.com"]
[Date "2021.12.05"]
[Round "-"]
[White "eliecercruzr"]
[Black "Raymond de Kemp"]
[Result "1-0"]
[WhiteCountry "CUB"]
[BlackCountry "NED"]
[WhiteElo "2280"]
[WhiteRD "73"]
[BlackElo "1804"]
[BlackRD "66"]
[GameID "718198"]

1. e4 d5 2. exd5 Nf6 3. d4 Nxd5 4. Nf3 g6 5. c4 Nb6 6. Nc3 Bg7 7. Be3 O-O 8. Qd2 Bg4 9. Ng5 e5 10. d5 c6
11. d6 h6 12. Nge4 N8d7 13. Bxh6 Be6 14. h4 Bxc4 15. h5 Bxf1 16. Kxf1 f5 17. hxg6 Nf6 18. Bxg7
1-0

[Event "Over 1800 All Play All 1"]
[Site "SchemingMind.com"]
[Date "2021.12.11"]
[Round "-"]
[White "The Stonewall"]
[Black "William Lindberg"]
[Result "0-1"]
[WhiteCountry "ENG"]
[BlackCountry "USA"]
[WhiteElo "2266"]
[WhiteRD "68"]
[BlackElo "2469"]
[BlackRD "66"]
[GameID "718224"]

1. d4 Nf6 2. Nf3 e6 3. Bg5 d5 4. Nbd2 Nbd7 5. e3 Be7 6. Bd3 O-O 7. O-O h6 8. Bh4 b6 9. c3 Bb7 10. b4 c5
11. bxc5 bxc5 12. Rb1 Bc6 13. c4 Ne4 14. Bxe4 dxe4 15. Bxe7 Qxe7 16. Ne1 f5 17. Nc2 Ba4 18. Qc1 cxd4 19. exd4 Qf6 20. Nb3 Rac8
21. c5 e5 22. Qa3 Bb5 23. Rfd1 f4 24. Nd2 Bd3 25. Rbc1 Qg6 26. Nf1 exd4 27. Nxd4 Ne5 28. Qb3+ Kh7 29. c6 Rce8 30. c7 Bxf1
31. Rxf1 f3 32. g3 Qg4 33. c8=Q Rxc8 34. Qe6 Rxc1 35. Rxc1 Qg5 36. Re1 Qd2 37. Nc2 Nd3 38. Qxe4+ Kh8
0-1

[Event "Over 1800 All Play All 1"]
[Site "SchemingMind.com"]
[Date "2021.12.11"]
[Round "-"]
[White "William Lindberg"]
[Black "The Stonewall"]
[Result "1/2-1/2"]
[WhiteCountry "USA"]
[BlackCountry "ENG"]
[WhiteElo "2469"]
[WhiteRD "66"]
[BlackElo "2266"]
[BlackRD "68"]
[GameID "718225"]

1. e4 e5 2. Nf3 Nf6 3. Nxe5 d6 4. Nf3 Nxe4 5. d4 d5 6. Bd3 Bd6 7. O-O O-O 8. c4 c6 9. Re1 Bf5 10. Qb3 Qd7
11. Nc3 Nxc3 12. Bxf5 Qxf5 13. bxc3 b6 14. Nh4 Qh5 15. Nf3 Nd7 16. cxd5 cxd5 17. Ba3 Bxa3 18. Qxa3 Nf6 19. Re5 Qg4 20. Rae1 Qc8
21. R5e3 Qc6 22. g3 h6 23. Kg2 Ne4 24. Ne5 Qb7 25. f3 Nf6 26. Nd3 Rac8 27. Nf4 Rfd8 28. h4 Qc6 29. R1e2 a5 30. Qb3 b5
31. g4 Qd7 32. Re7 Qd6 33. R7e5 b4 34. cxb4 axb4 35. g5 Nd7 36. Rf5 g6 37. Qxd5 Qxd5 38. Rxd5 Nb6 39. Rb5 Rxd4 40. Nxg6 fxg6
41. Rxb6 Rxh4 42. Rxg6+ Kh7 43. Ra6 hxg5 44. Re7+ Kg8 45. Re5 Rc2+ 46. Kg3 Rhh2 47. Rxg5+ Kh7 48. Rga5 Rcg2+ 49. Kf4 Rg7 50. Rb6 Rh4+
51. Ke3 Re7+ 52. Kf2 Rf7 53. Raa6 Rh3 54. Kg2 Rhxf3 55. Rxb4 Kg7 56. Rb5 Rf2+ 57. Kg3 Rf1 58. Kg2 R1f2+ 59. Kg3 Rf1 60. a4 R7f3+
61. Kh4 Rf8 62. Rb7+ R8f7 63. Rb2 R1f4+ 64. Kh3 Rf3+ 65. Kh2 Ra3 66. Rg2+ Kf8 67. Ra8+ Ke7 68. Ra7+ Kf8 69. Rxf7+=
1/2-1/2

[Event "Over 1800 All Play All 1"]
[Site "SchemingMind.com"]
[Date "2021.12.06"]
[Round "-"]
[White "William Lindberg"]
[Black "Raymond de Kemp"]
[Result "1-0"]
[WhiteCountry "USA"]
[BlackCountry "NED"]
[WhiteElo "2469"]
[WhiteRD "66"]
[BlackElo "1797"]
[BlackRD "61"]
[GameID "718226"]

1. c4 Nf6 2. d4 e5 3. dxe5 Ng4 4. e3 Nxe5 5. f4 Nec6 6. Bd2 d6 7. Nf3 Nd7 8. Bd3 g6 9. O-O Bg7 10. Bc3 Nf6
11. Qc2 b6 12. a3 Bb7 13. Be4 O-O 14. Bd5 Nxd5 15. cxd5 Ne7 16. Bxg7 Kxg7 17. e4 f6 18. Nd4 Bc8 19. Nc3 Kh8 20. Ncb5 Ba6
21. a4 Bxb5 22. axb5 Qe8 23. Ne6 Rg8 24. Qxc7 Nc8 25. Qb7 Ne7 26. Rxa7 Rxa7 27. Qxa7 Nc8 28. Qa4 g5 29. Qd4 Rg6 30. fxg5
1-0

[Event "Over 1800 All Play All 1"]
[Site "SchemingMind.com"]
[Date "2021.12.06"]
[Round "-"]
[White "Raymond de Kemp"]
[Black "William Lindberg"]
[Result "0-1"]
[WhiteCountry "NED"]
[BlackCountry "USA"]
[WhiteElo "1797"]
[WhiteRD "61"]
[BlackElo "2469"]
[BlackRD "66"]
[GameID "718227"]

1. f4 d5 2. Nf3 c5 3. e3 g6 4. Be2 Bg7 5. O-O Nf6 6. d3 O-O 7. Qe1 Nc6 8. Qh4 b6 9. Nbd2 Ng4 10. Ng5 Nf6
11. c3 e5 12. fxe5 Nxe5 13. e4 h6 14. Ngf3 g5 15. Qe1 Ng6 16. exd5 Nxd5 17. Ne4 Ngf4 18. c4 Nxe2+ 19. Qxe2 Nb4 20. Rd1 Re8
21. a3 Nc6 22. Qf1 g4 23. Ne1 Rxe4 24. Bxh6 Bd4+ 25. Kh1 Re6 26. Qf4 Rg6 27. Nc2 Be5 28. Qd2 Qh4 29. g3 Bxg3 30. Be3 Bb7
31. Rg1 Nd4+ 32. Rg2 Qxh2#
0-1

[Event "Over 1800 All Play All 1"]
[Site "SchemingMind.com"]
[Date "2021.12.07"]
[Round "-"]
[White "William Lindberg"]
[Black "eliecercruzr"]
[Result "1/2-1/2"]
[WhiteCountry "USA"]
[BlackCountry "CUB"]
[WhiteElo "2482"]
[WhiteRD "67"]
[BlackElo "2280"]
[BlackRD "73"]
[GameID "718228"]

1. d4 d5 2. Nf3 Nf6 3. c4 e6 4. Nc3 Bb4 5. Qb3 c5 6. dxc5 Na6 7. a3 Bxc3+ 8. Qxc3 Nxc5 9. cxd5 Qxd5 10. Be3 Nce4
11. Qe5 Qxe5 12. Nxe5 Nd5 13. Bc1 Bd7 14. f3 Nc5 15. e4 Nb3 16. Rb1 Nb6 17. Be3 Rc8 18. Nxd7 Kxd7 19. Be2 Ke7 20. O-O Rhd8
21. Rfd1 Rxd1+ 22. Bxd1 Nc4= 23. Bxb3 Nxe3 24. Kf2 Nc4 25. Bxc4 Rxc4 26. Re1 Rc2+=
1/2-1/2

[Event "Over 1800 All Play All 1"]
[Site "SchemingMind.com"]
[Date "2021.12.07"]
[Round "-"]
[White "eliecercruzr"]
[Black "William Lindberg"]
[Result "1/2-1/2"]
[WhiteCountry "CUB"]
[BlackCountry "USA"]
[WhiteElo "2280"]
[WhiteRD "73"]
[BlackElo "2482"]
[BlackRD "67"]
[GameID "718229"]

1. e4 e5 2. Nf3 Nc6 3. Bb5 a6 4. Bxc6 dxc6 5. Nc3 Bg4 6. h3 Bxf3 7. Qxf3 Bd6 8. d3 Qf6 9. Qg3 Ne7 10. h4 h5
11. Qh3 Bc5 12. Be3 Bxe3 13. Qxe3 b6 14. Qg5 Qxg5 15. hxg5 O-O-O 16. Ke2 Ng6 17. g3 Kd7 18. Raf1 h4 19. gxh4 Rh5 20. Rh2 Rdh8
21. Rfh1 Rxh4 22. Rxh4= Rxh4 23. Rxh4 Nxh4 24. Nd1 c5 25. Ne3 b5 26. Nf5 Nxf5 27. exf5 Kd6 28. Ke3 Kd5 29. c3 c4 30. dxc4+=
1/2-1/2

[Event "Over 1800 All Play All 1"]
[Site "SchemingMind.com"]
[Date "2021.12.19"]
[Round "-"]
[White "The Stonewall"]
[Black "Robert Bruce"]
[Result "0-1"]
[WhiteCountry "ENG"]
[BlackCountry "SCO"]
[WhiteElo "2266"]
[WhiteRD "68"]
[BlackElo "2410"]
[BlackRD "67"]
[GameID "718420"]

1. e4 c5 2. Nf3 d6 3. d4 cxd4 4. Nxd4 Nf6 5. f3 e5 6. Nb3 a5 7. Bb5+ Bd7 8. Bxd7+ Nbxd7 9. O-O a4 10. N3d2 d5
11. exd5 Qb6+ 12. Kh1 Nxd5 13. Nc4 Qe6 14. Ne3 N7b6 15. Nxd5 Nxd5 16. Bd2 Bc5 17. Nc3 Nxc3 18. Bxc3 O-O 19. Qe2 f6 20. Rfd1 a3
21. b3 Rfe8 22. Be1 e4 23. c4 Qe5 24. fxe4 Qxe4 25. Qd2 Rad8 26. Qxd8 Rxd8 27. Rxd8+ Kf7 28. Bg3 Bb4 29. Rdd1 h5 30. Bd6 Bc3
31. Rac1 Bb2 32. Re1 Qd3 33. Rcd1 Qc2 34. Bb4 Be5 35. Rd7+ Kg8 36. Rd2 Qf5 37. g3 b5 38. Bxa3 bxc4 39. Rg2 Qf3 40. Bc5 c3
41. Kg1 Qd3 42. Kh1 c2
0-1

[Event "Over 1800 All Play All 1"]
[Site "SchemingMind.com"]
[Date "2021.12.19"]
[Round "-"]
[White "Robert Bruce"]
[Black "The Stonewall"]
[Result "1-0"]
[WhiteCountry "SCO"]
[BlackCountry "ENG"]
[WhiteElo "2410"]
[WhiteRD "67"]
[BlackElo "2266"]
[BlackRD "68"]
[GameID "718421"]

1. c4 g6 2. d4 Bg7 3. Nf3 f5 4. g3 Nf6 5. b3 O-O 6. Bb2 c5 7. Bg2 Ne4 8. Nc3 Qa5 9. e3 Nc6 10. Rc1 b6
11. h4 Bb7 12. O-O Rac8 13. Nxe4 fxe4 14. Ng5 cxd4 15. Bxe4 Qxa2 16. Ba1 Qa3 17. exd4 Na5 18. d5 Bxa1 19. Rxa1 Qd6 20. Re1 Qf6
21. Ra2 Ba8 22. Bg2 Rce8 23. Ne4 Qg7 24. c5 Rd8 25. b4 Nc4 26. Rxa7 bxc5 27. bxc5 Ne5 28. c6 dxc6 29. d6 c5 30. Qa4 Nd7
31. Ng5
1-0

[Event "Over 1800 All Play All 1"]
[Site "SchemingMind.com"]
[Date "2021.12.16"]
[Round "-"]
[White "Robert Bruce"]
[Black "William Lindberg"]
[Result "1-0"]
[WhiteCountry "SCO"]
[BlackCountry "USA"]
[WhiteElo "2357"]
[WhiteRD "68"]
[BlackElo "2482"]
[BlackRD "67"]
[GameID "718422"]

1. e4 e5 2. f4 exf4 3. Nf3 d6 4. d4 g5 5. g3 g4 6. Nh4 Bh6 7. Nc3 Bg5 8. Ng2 f6 9. gxf4 Bh6 10. f5 Qe7
11. Qxg4 Bxc1 12. Qh5+ Kd8 13. Rxc1 Nc6 14. Rd1 Bd7 15. Nf4 Qg7 16. Bc4 Qg5 17. Rf1 Qxh5 18. Nxh5 Nce7 19. Rd3 c6 20. Be6 Bxe6
21. fxe6 Kc7 22. Rg3 Ng6 23. Nxf6 Nxf6 24. Rxf6 Raf8 25. Rgf3 Kd8 26. Rf7 Rxf7 27. Rxf7 Re8 28. d5 Re7 29. Rf6 Rc7 30. Kd2 Ne5
31. Nd1 cxd5 32. exd5 Ke7 33. Rh6 Kd8 34. Ne3 Nf3+ 35. Kd3 Ne5+ 36. Kd4 b5 37. h3 Ng6 38. Nf5 Rc4+ 39. Ke3 Rc5 40. c4 bxc4
41. Kd4 Ne7 42. Nxe7 Kxe7 43. Rxh7+ Kf6 44. Rf7+
1-0

[Event "Over 1800 All Play All 1"]
[Site "SchemingMind.com"]
[Date "2021.12.15"]
[Round "-"]
[White "William Lindberg"]
[Black "Robert Bruce"]
[Result "1-0"]
[WhiteCountry "USA"]
[BlackCountry "SCO"]
[WhiteElo "2480"]
[WhiteRD "69"]
[BlackElo "2387"]
[BlackRD "73"]
[GameID "718423"]

1. c4 e6 2. Nf3 b6 3. g3 c5 4. Bg2 Bb7 5. Nc3 a6 6. O-O Nf6 7. Re1 Be7 8. e4 d6 9. d4 cxd4 10. Nxd4 Qc8
11. Be3 Nbd7 12. f4 O-O 13. Qe2 Re8 14. Bf2 e5 15. Nf5 Bf8 16. Rad1 Qc7 17. Qd2 Re6 18. b3 Rc8 19. fxe5 Nxe5 20. Nd5 Bxd5
21. exd5 Ree8 22. h3 g6 23. Nd4 Qb7 24. Nc6 Nfd7 25. Bd4 Nxc6 26. dxc6 Qxc6 27. Bxc6
1-0

[Event "Over 1800 All Play All 1"]
[Site "SchemingMind.com"]
[Date "2021.12.15"]
[Round "-"]
[White "Robert Bruce"]
[Black "Raymond de Kemp"]
[Result "1-0"]
[WhiteCountry "SCO"]
[BlackCountry "NED"]
[WhiteElo "2410"]
[WhiteRD "67"]
[BlackElo "1797"]
[BlackRD "61"]
[GameID "718424"]

1. f4 d5 2. Nf3 g6 3. e3 Bg7 4. Be2 Nh6 5. O-O O-O 6. a4 c5 7. c3 Nc6 8. d4 cxd4 9. exd4 Nf5 10. Re1 Nd6
11. Be3 Nf5 12. Bf2 e6 13. Nbd2 Qc7 14. g4 Nh6 15. Ne5 f6 16. Nd3 b6 17. Bg3
1-0

[Event "Over 1800 All Play All 1"]
[Site "SchemingMind.com"]
[Date "2021.12.15"]
[Round "-"]
[White "Raymond de Kemp"]
[Black "Robert Bruce"]
[Result "0-1"]
[WhiteCountry "NED"]
[BlackCountry "SCO"]
[WhiteElo "1820"]
[WhiteRD "63"]
[BlackElo "2413"]
[BlackRD "63"]
[GameID "718425"]

1. d4 Nf6 2. Bf4 c5 3. dxc5 Qa5+ 4. Qd2 Qxd2+ 5. Nxd2 e6 6. Nb3 Na6 7. Bd6 Ne4 8. Bxf8 Kxf8 9. e3 Nexc5 10. Nxc5 Nxc5
11. Nf3 Ke7 12. Be2 d5 13. O-O Na4 14. b3 Nc3 15. Bd3 b5 16. Nd4 Bd7 17. f4 f6 18. Nf3 h6 19. Nh4 Kd6 20. f5 e5
21. Rf2 a5 22. a3 b4 23. a4 Kc5 24. Ng6 Rhd8 25. Re1 Bc6 26. Be2 d4 27. exd4+ Rxd4 28. Ne7 Be4 29. Bh5 Rad8 30. Bf3 Bxf3
31. Rxf3 Rd1 32. Rff1 R8d2 33. Rxd1 Nxd1 34. g4 Ne3 35. Re1 Nxc2 36. Re4 Kd6 37. Nc8+ Kd5 38. Rc4 Nd4 39. Nb6+ Ke4 40. Kf1 Kf3
41. Ke1 Rxh2
0-1

[Event "Over 1800 All Play All 1"]
[Site "SchemingMind.com"]
[Date "2021.12.16"]
[Round "-"]
[White "Robert Bruce"]
[Black "eliecercruzr"]
[Result "1-0"]
[WhiteCountry "SCO"]
[BlackCountry "CUB"]
[WhiteElo "2410"]
[WhiteRD "67"]
[BlackElo "2264"]
[BlackRD "73"]
[GameID "718426"]

1. f4 d5 2. Nf3 g6 3. e3 Bg7 4. Be2 c5 5. d4 Nf6 6. Nbd2 O-O 7. Ne5 Nc6 8. c3 Be6 9. a4 Rc8 10. O-O Qc7
11. Nd3 cxd4 12. exd4 h5 13. h3 Bf5 14. Ne5 Be6 15. Ndf3 Ne4 16. Bd3 Qb6 17. Qe1 Rfd8 18. Nh4 a5 19. Nc4 dxc4 20. Bxe4 f5
21. Bf3 Bf7 22. Be3 Qc7 23. d5 Bxd5 24. Nxg6 Bf7 25. Nh4 e6 26. Qf2 Rd6 27. Rfd1 Bf6 28. Rxd6 Qxd6 29. Be2 Ne7 30. Rd1 Nd5
31. Bf3 Kh7 32. Bxd5 Bxh4 33. Qxh4 exd5 34. Bd4 Re8 35. Rf1 Qd8 36. Bf6 Qd6 37. Qg5 Bg6 38. Rd1 Qe6 39. Kh2 Qd6 40. Be5 Qd8
41. Qg3 Qd7 42. Qf2 Qc6 43. Rd2 b6 44. Qg3 Qd7 45. b3
1-0

[Event "Over 1800 All Play All 1"]
[Site "SchemingMind.com"]
[Date "2021.12.16"]
[Round "-"]
[White "eliecercruzr"]
[Black "Robert Bruce"]
[Result "0-1"]
[WhiteCountry "CUB"]
[BlackCountry "SCO"]
[WhiteElo "2300"]
[WhiteRD "71"]
[BlackElo "2413"]
[BlackRD "63"]
[GameID "718427"]

1. e4 d6 2. d4 Nf6 3. Nc3 g6 4. Be3 c6 5. Qd2 Nbd7 6. Nf3 Bg7 7. Bh6 O-O 8. Bxg7 Kxg7 9. h4 e5 10. O-O-O Re8
11. h5 Nxh5 12. g4 Qf6 13. gxh5 Qxf3 14. Be2 Qf4 15. d5 Qxd2+ 16. Rxd2= c5 17. a4 Nf6 18. h6+ Kf8 19. Rdd1 Ke7 20. Rdg1 Rg8
21. b3 Bd7 22. Kd2 Raf8 23. a5 g5 24. Rb1 g4 25. b4 Rc8 26. Bd3 c4 27. Be2 g3 28. fxg3 Rxg3 29. Rbg1 Rxg1 30. Rxg1 Rg8
31. Rg7 Kf8 32. Rxg8+ Nxg8 33. Bxc4 Ke7 34. a6 bxa6 35. Bxa6 Nxh6 36. Nd1 f5 37. c4 fxe4 38. c5 Bg4 39. Nc3 Nf5 40. Nxe4 Bf3
41. Nc3 h5 42. Bd3 Nd4 43. Ke3 h4 44. Kf2 dxc5 45. bxc5 a5 46. Bf1 Kd8 47. Bg2 Bh5 48. Be4 Bg4 49. Kg2 Nb3 50. c6 Nd2
51. Bd3 Ke7 52. Kf2 Kd6 53. Ke3 Nb3 54. Ne4+ Kc7 55. Nc3 Nd4 56. Kf2 Kd6 57. Ne4+ Kc7 58. Nc3 Nf5 59. Kg1 Nd6 60. Bf1 Bf5
61. Kh2 Ne8 62. Nd1 Kb6 63. Bh3 Bxh3 64. Kxh3 Kc5
0-1

[Event "Over 1800 All Play All 1"]
[Site "SchemingMind.com"]
[Date "2021.12.23"]
[Round "-"]
[White "The Stonewall"]
[Black "John C. Walton"]
[Result "1/2-1/2"]
[WhiteCountry "ENG"]
[BlackCountry "USA"]
[WhiteElo "2266"]
[WhiteRD "68"]
[BlackElo "2592"]
[BlackRD "95"]
[GameID "718518"]

1. e4 e5 2. Nf3 Nc6 3. Nc3 Nf6 4. Bb5 Nd4 5. O-O c6 6. Bd3 Nxf3+ 7. Qxf3 d6 8. Be2 Be7 9. d3 O-O 10. Qg3 Ne8
11. f4 exf4 12. Bxf4 Qb6+ 13. Kh1 Qxb2 14. d4 Qb6 15. Rad1 Qd8 16. Bd3 b5 17. Rb1 a5 18. a3 Nf6 19. Be2 Kh8 20. d5 cxd5
21. exd5 Bf5 22. Bd3 Nh5 23. Qe3 Bxd3 24. Qxd3 Nxf4 25. Rxf4 b4 26. axb4 axb4 27. Rfxb4 Bf6=
1/2-1/2

[Event "Over 1800 All Play All 1"]
[Site "SchemingMind.com"]
[Date "2021.12.19"]
[Round "-"]
[White "John C. Walton"]
[Black "The Stonewall"]
[Result "1-0"]
[WhiteCountry "USA"]
[BlackCountry "ENG"]
[WhiteElo "2592"]
[WhiteRD "95"]
[BlackElo "2266"]
[BlackRD "68"]
[GameID "718519"]

1. d4 Nf6 2. c4 e6 3. g3 Bb4+ 4. Bd2 a5 5. Bg2 d6 6. Nf3 Nbd7 7. O-O e5 8. Qc2 O-O 9. Nc3 Re8 10. e4 exd4
11. Nxd4 Ne5 12. b3 Bc5 13. Nf5 h6 14. h3 Bd7 15. Rac1 Qc8 16. g4 a4 17. Nxa4 Bxa4 18. bxa4 Qe6 19. a5 Nc6 20. Bc3 Nxa5
21. a4 Nc6 22. Kh1 Reb8 23. f4 Ne8 24. e5 Ne7 25. Nxg7 Nxg7 26. f5 Qxc4 27. Qd2 Ne8 28. Qxh6 Bd4 29. Bxd4 Qxd4 30. f6
1-0

[Event "Over 1800 All Play All 1"]
[Site "SchemingMind.com"]
[Date "2021.12.20"]
[Round "-"]
[White "Robert Bruce"]
[Black "John C. Walton"]
[Result "0-1"]
[WhiteCountry "SCO"]
[BlackCountry "USA"]
[WhiteElo "2357"]
[WhiteRD "68"]
[BlackElo "2577"]
[BlackRD "113"]
[GameID "718520"]

1. c4 g6 2. d4 Nf6 3. g3 c6 4. Bg2 d5 5. Qa4 Bg7 6. cxd5 O-O 7. e4 cxd5 8. e5 Ne4 9. f3 Bd7 10. Qa3 Nd6
11. exd6 exd6 12. Ne2 Re8 13. Nc3 Nc6 14. Kd1 Nxd4 15. Nxd4 Qb6 16. Nde2 Qf2 17. Nf4 g5 18. Rf1 Qd4+ 19. Bd2 gxf4 20. Rc1 Qd3
21. Qxd6 Bxc3 22. Rxc3 Ba4+ 23. Kc1 Rac8 24. Qf6 h6 25. Bh3 d4 26. Qf5 Qxf5 27. Bxf5 dxc3 28. Bxc3 Rc5 29. gxf4 Re2 30. Be4 f5
31. Bxb7 Rc2+ 32. Kb1 R2xc3 33. bxc3 Rb5+ 34. Ka1 Rxb7 35. c4 Bc6 36. Rd1 Bxf3 37. Rd6 Kg7 38. Ra6 Be2 39. a3 Bxc4 40. Rd6 h5
41. Rc6 Bf7 42. Rc5 Rb3 43. Rxf5 Rxa3+ 44. Kb1 Bg6
0-1

[Event "Over 1800 All Play All 1"]
[Site "SchemingMind.com"]
[Date "2021.12.19"]
[Round "-"]
[White "John C. Walton"]
[Black "Robert Bruce"]
[Result "1-0"]
[WhiteCountry "USA"]
[BlackCountry "SCO"]
[WhiteElo "2577"]
[WhiteRD "113"]
[BlackElo "2357"]
[BlackRD "68"]
[GameID "718521"]

1. e4 d6 2. d4 Nf6 3. Nc3 g6 4. Be3 c6 5. h3 Nbd7 6. Nf3 Qc7 7. a4 Bg7 8. Be2 b6 9. Qd2 O-O 10. Bh6 e5
11. O-O-O b5 12. axb5 Rb8 13. h4 Bxh6 14. Qxh6 Ng4 15. Qg5 Ndf6 16. Nh2 h6 17. Nxg4 Nxg4 18. Qd2 h5 19. f4 Nf2 20. f5 Nxd1
21. Qh6 Qe7 22. Rxd1 Qf6 23. dxe5 dxe5 24. bxc6 Qg7 25. Qe3 gxf5 26. Nd5 f6 27. Qc5 fxe4 28. c7 Rb7 29. Ba6 f5 30. Bxb7 Bxb7
31. Ne7+ Kh7 32. Rd7 Qh6+ 33. Kb1 Qe6 34. Rd6 Qxe7 35. Rh6+ Kxh6 36. Qxe7
1-0

[Event "Over 1800 All Play All 1"]
[Site "SchemingMind.com"]
[Date "2021.12.19"]
[Round "-"]
[White "William Lindberg"]
[Black "John C. Walton"]
[Result "1/2-1/2"]
[WhiteCountry "USA"]
[BlackCountry "USA"]
[WhiteElo "2469"]
[WhiteRD "66"]
[BlackElo "2592"]
[BlackRD "95"]
[GameID "718522"]

1. e4 e5 2. Nf3 Nc6 3. Bb5 a6 4. Ba4 Nf6 5. O-O Be7 6. Re1 b5 7. Bb3 d6 8. c3 O-O 9. h3 Nb8 10. d4 Nbd7
11. Bc2 Bb7 12. Nbd2 Re8 13. a4 Bf8 14. b4 Nb6 15. a5 Nbd7 16. Bb2 Rb8 17. d5 c6 18. dxc6 Bxc6 19. Bb3 Qc7 20. Qb1 Nh5
21. g3 h6 22. Qd3 Qb7 23. Rab1 Nhf6 24. Rbd1 Rbc8 25. Qb1 Rcd8 26. Qa2 Nb8 27. Kh2 Qc7 28. Ba1 Qa7 29. Kg1 Rd7 30. Qb1 Rc7
31. Nh4 Bd7 32. Nf5 g6 33. Nh4 Kg7 34. Kg2 Qb7 35. f4 Be6 36. Bxe6 Rxe6 37. f5 Re8 38. Kh2 Nbd7 39. Qd3 g5 40. Ng2 d5
41. exd5 Nxd5 42. Qf3 Qc6 43. Ne3 Nxe3 44. Rxe3 Nf6 45. Qxc6 Rxc6 46. c4 Bxb4 47. cxb5 Rc5 48. bxa6 Rxa5 49. Nc4 Ra2+ 50. Kh1 Rxa6
51. Rb3 Bf8 52. Bxe5 Rc6 53. Re3 Ra8 54. Nd2 Kh7=
1/2-1/2

[Event "Over 1800 All Play All 1"]
[Site "SchemingMind.com"]
[Date "2021.12.20"]
[Round "-"]
[White "John C. Walton"]
[Black "William Lindberg"]
[Result "1-0"]
[WhiteCountry "USA"]
[BlackCountry "USA"]
[WhiteElo "2592"]
[WhiteRD "95"]
[BlackElo "2469"]
[BlackRD "66"]
[GameID "718523"]

1. d4 d5 2. c4 e6 3. Nf3 Nf6 4. g3 Bb4+ 5. Bd2 Be7 6. Bg2 O-O 7. O-O h6 8. Qc2 c6 9. Rd1 Nbd7 10. b3 b6
11. Bc3 Bb7 12. Nbd2 c5 13. dxc5 bxc5 14. cxd5 exd5 15. Nh4 Re8 16. Nf5 Rb8 17. Nxe7+ Qxe7 18. e3 Ng4 19. Re1 Qe6 20. Rac1 Rbc8
21. Ba1 Ndf6 22. Qb2 Ba6 23. Bh3 Bb7 24. f3 d4 25. fxg4 dxe3 26. Nc4 e2 27. Bg2 Bxg2 28. Kxg2 Qxg4 29. Kg1 Qh5 30. Rc2 Rcd8
31. Ne5 c4 32. bxc4 Rb8 33. Qc3 Ne4 34. Qd3 Ng5 35. Qxe2 Qxe2 36. Rcxe2 f6 37. h4 Rxe5 38. Bxe5 Nf3+ 39. Kf1 Nxe5 40. c5 Kf7
41. Rc1 Rb7 42. c6 Rc7 43. Rb2 Ke6 44. Rb7 Kd6 45. Rxc7 Kxc7 46. h5 Nxc6 47. Rc4 f5 48. g4 Kd6 49. gxf5 a5 50. Rg4 Ke5
51. Rxg7 Kxf5 52. Rg6 Nd4 53. Rxh6 Kg5 54. Ra6 Kxh5 55. Rxa5+ Kg6 56. a4 Kf7 57. Ra6 Ke7 58. a5 Kd7 59. Rg6 Kc7 60. a6 Kb8
61. Kf2 Nf5 62. Rf6 Ne7 63. Rf8+ Ka7 64. Rf7 Kxa6 65. Rxe7 Kb6 66. Re5 Kc7 67. Ke3 Kd7 68. Ke4 Kc6 69. Rd5 Kc7 70. Ke5 Kc6
71. Ke6
1-0

[Event "Over 1800 All Play All 1"]
[Site "SchemingMind.com"]
[Date "2021.12.19"]
[Round "-"]
[White "Raymond de Kemp"]
[Black "John C. Walton"]
[Result "0-1"]
[WhiteCountry "NED"]
[BlackCountry "USA"]
[WhiteElo "1797"]
[WhiteRD "61"]
[BlackElo "2592"]
[BlackRD "95"]
[GameID "718524"]

1. f4 Nf6 2. Nf3 d5 3. g3 g6 4. Bg2 Bg7 5. O-O O-O 6. d3 Re8 7. Qe1 Nc6 8. e4 e5 9. fxe5 dxe4 10. dxe4 Nxe5
11. Nc3 Nxf3+ 12. Rxf3 c6 13. Be3 Ng4 14. Rd1 Qa5 15. h3 Nxe3 16. Rxe3 Be6 17. b3 Rad8 18. Rxd8 Rxd8 19. g4 Bd4 20. Kh1 Bxe3
21. Qxe3 Qe5 22. Na4 Rd1+
0-1